000 00564nam a2200193Ia 4500
005 20250508150227.0
008 008 250505s9999 xx 000 0 eng d
020 _a978-1-40206161-5
037 _aBooks to be hide in OPAC
040 _aFEDL
_beng
_cFEDL
041 _aeng
_2eng
084 _a420.7, PIN/O
_qFEDL
100 _aPinto Vivian De Sola
245 0 _aTeaching of english in schools: A symposium
260 _aLondon, UK
_bMacmillan and Co. Ltd
_c1947
300 _aix,166p.
942 _cHB
_h420.7, PIN/O
999 _c1322504
_d1322504